书目信息 |
| 题名: |
柏格森
|
|
| 作者: | 朱斌 著 | |
| 分册: | ||
| 出版信息: | 西安 陕西师范大学出版总社 2017 |
|
| 页数: | 154页 | |
| 开本: | 24cm | |
| 丛书名: | “大家精要”丛书 | |
| 单 册: | ||
| 中图分类: | B565.51 | |
| 科图分类: | ||
| 主题词: | ||
| 电子资源: | ||
| ISBN: | 978-7-5613-9115-0 | |
| 000 | 00845oam2 2200253 450 | |
| 001 | 3496 | |
| 005 | 20180527162202.96 | |
| 010 | @a978-7-5613-9115-0@dCNY20.00 | |
| 100 | @a20171018d2017 em y0chiy50 ea | |
| 101 | 0 | @achi |
| 102 | @aCN@b610000 | |
| 105 | @ay z 000yb | |
| 200 | 1 | @a柏格森@9bo ge sen@dBergson@f朱斌著@zeng |
| 210 | @a西安@c陕西师范大学出版总社@d2017 | |
| 215 | @a154页@d24cm | |
| 225 | 1 | @a“大家精要”丛书 |
| 330 | @a本书分为早年生活、开启哲思、声名显赫、战时外交家与文学巨匠、最后的岁月与生命的绵延、前期主要著述、生命哲学思想的集中阐释等9章介绍了柏格森的一生。 | |
| 461 | 0 | @12001 @a“大家精要”丛书 |
| 510 | 1 | @aBergson@zeng |
| 600 | 0 | @a柏格森@c(Bergson, Henri@f1859-1941)@x传记 |
| 690 | @aB565.51@v5 | |
| 701 | 0 | @a朱斌@9zhu bin@c(博士)@4著 |
| 801 | 0 | @aCN@b91MARC@c20171018 |
| 905 | @aMuseLib@dB565.51@e82 | |
| 柏格森=Bergson/朱斌著.-西安:陕西师范大学出版总社,2017 |
| 154页;24cm.-(“大家精要”丛书) |
| ISBN 978-7-5613-9115-0:CNY20.00 |
| 本书分为早年生活、开启哲思、声名显赫、战时外交家与文学巨匠、最后的岁月与生命的绵延、前期主要著述、生命哲学思想的集中阐释等9章介绍了柏格森的一生。 |
| ● |
| 相关链接 |
|
|
|
|
正题名:柏格森
索取号:B565.51/82
 
预约/预借
| 序号 | 登录号 | 条形码 | 馆藏地/架位号 | 状态 | 备注 |
| 1 | 1109436 | 211094368 | 第一样本阅览室/ [索取号:B565.51/82] | 在馆 | |
| 2 | 1109437 | 211094377 | 教育系资料室/ [索取号:B565.51/82] | 在馆 | |
| 3 | 1109438 | 211094386 | 教育系资料室/ [索取号:B565.51/82] | 在馆 | |
| 4 | 1109439 | 211094395 | 第一借阅区/ [索取号:B565.51/82] | 在馆 |